| 000 | 00665nam a22001937a 4500 | ||
|---|---|---|---|
| 999 |
_c15537 _d15537 |
||
| 003 | AR-CdUCM | ||
| 008 | 190429b ||||| |||| 00| 0 spa d | ||
| 040 |
_aMUNICIPALIDAD PROVINCIAL DEL CUSCO _cBIBLIOTECA MUNICIPAL DEL CUSCO |
||
| 082 |
_a920 / _bL47 / 1932 |
||
| 100 |
_aLeoncio Elias, Ricardo _934638 |
||
| 245 |
_aMemoria : _bLeída por el presidente de la Corte Suprema de la República / |
||
| 260 |
_aLima : _bTip. Lit. Caballero e Hijos, _c1932. |
||
| 300 |
_a29 páginas ; _c24 cm. |
||
| 500 | _aApertura del año judicial 1932. | ||
| 505 | _aContenido: Memorias. | ||
| 650 |
_aCorte Suprema _931845 |
||
| 942 |
_2ddc _cLIBROS |
||
| 945 |
_aachl _d2019-04-29 |
||